Toutes les races de chats au monde - Statistiques

Statistiques générales
  • Ce quiz a été pris 87 fois
  • Le résultat moyen est 14 sur 80
Statistiques - réponses
Par images Réponse % Correct
Siamois
90%
Thaï
90%
Sphynx
67%
Maine Coon
65%
Persan
65%
Bengal
60%
Chartreux
58%
Sacré De Birmanie
52%
Norvégien
50%
European Shorthair
48%
British Shorthair
43%
Sibérien
43%
Ragdoll
40%
Savannah
37%
Abyssin
35%
Bleu Russe
32%
Angora Turc
27%
American Curl
23%
American Shorthair
20%
Bombay
20%
British Longhair
20%
Exotic Shorthair
20%
Cornish Rex
18%
Devon Rex
18%
Manx
18%
Munchkin
18%
Scottish Fold
18%
Somali
18%
Burmese
17%
American Bobtail
15%
Tonkinois
15%
Bobtail Japonais
13%
Korat
13%
Balinais
12%
Mau Égyptien
12%
Selkirk Rex
12%
Ocicat
10%
Turc De Van
10%
American Wirehair
8%
Burmilla
8%
Oriental Shorthair
8%
Toyger
8%
Donskoy
7%
Laperm
7%
Peterbald
7%
Singapura
7%
Snowshoe
7%
Brume Australienne
5%
Chausie
5%
German Rex
5%
Himalayen
5%
Khao Manee
5%
Nebelung
5%
Ojos Azules
5%
Sokoké
5%
York Chocolat
5%
Asian
3%
Californian Rex
3%
Ceylan
3%
Cymric
3%
Havana Brown
3%
Highlander
3%
Mandarin
3%
Mau Arabe
3%
Pixie Bob
3%
Ragamuffin
3%
Tiffany
3%
Anatoli
2%
Bobtail Des Kouriles
2%
Brazilian Shorthair
2%
Californian Spangled
2%
Chantilly
2%
Colorpoint Shorthair
2%
Minskin
2%
Serengeti
2%
Highland Fold
0%
Safari
0%
Seychellois
0%
Skookum
0%
Ural Rex
0%
Aucun quiz correspondant
Distribution des résultats
% des personnes avec chaque résultat
Percentile par nombre de réponses
Votre historique - résultats
Vous n’avez pas pris ce quiz